Debt and structural adjustment in Central America /

sin resumen

Guardado en:
Bibliografiske detaljer
Hovedforfatter: Timossi Dolinsky, Gerardo
Format: Texto
Tags: Tilføj Tag
Ingen Tags, Vær først til at tagge denne postø!

MARC

LEADER 00000 a a2200000 04500
001 9182
003
040
100 |a Timossi Dolinsky, Gerardo  
245 |a Debt and structural adjustment in Central America /  |c Gerardo Timossi Dolinsky 
520 |a sin resumen  
773 |g volumen 17, número 4; páginas 76-90  
999 |c 39547  |d 39547 
773 0 |0 43209  |9 4939  |d California: Sage Publications, 1974-  |o MFN: 1340  |t Latin American Perspectives a Journal on Capitalism and Socialism  |x 0094582X